[Event "AUT-ch U10"]
[Site "St Veit"]
[Date "2023.05.27"]
[Round "1"]
[White "Burger, Edgar"]
[Black "Lahl, Marc"]
[Result "1-0"]
[WhiteElo "1118"]
[BlackElo "852"]
[PlyCount "91"]
[EventDate "2023.05.27"]
[EventType "swiss"]
[EventRounds "7"]
[EventCountry "AUT"]
[SourceTitle "CBM 214 Extra"]
[Source "ChessBase"]
[SourceDate "2023.07.31"]
[SourceVersion "1"]
[SourceVersionDate "2023.07.31"]
[SourceQuality "1"]

1. e4 e5 2. Nf3 Nc6 3. d4 exd4 4. Bc4 Nf6 5. 0-0 d6 6. Nxd4 Nxd4 7. Qxd4 c5 8. Qd3 Be7 9. Bg5 0-0 10. Nc3 a6 11. a3 b5 12. Ba2 c4 13. Qg3 Nh5 14. Qf3 Nf6 15. e5 Bd7 16. exf6 Bxf6 17. Bxf6 Qxf6 18. Qxf6 gxf6 19. Ne4 d5 20. Nxf6+ Kg7 21. Nxd7 Rad8 22. Nxf8 Kxf8 23. b3 c3 24. b4 Ra8 25. Bxd5 Rd8 26. Bb7 Rd6 27. Rad1 Rb6 28. Rd7 Ke8 29. Rfd1 Re6 30. g4 Rg6 31. h3 Rb6 32. Rc7 Kf8 33. Bd5 Rf6 34. h4 Kg7 35. g5 Rf5 36. Be4 Rf4 37. Rdd7 Rxe4 38. Rxf7+ Kg6 39. Rf6+ Kh5 40. Rxh7+ Kg4 41. f3+ Kg3 42. fxe4 Kg4 43. g6 Kg3 44. g7 Kh3 45. g8Q a5 46. Rf3# 1-0

[Event "AUT-ch U10"]
[Site "St Veit"]
[Date "2023.05.27"]
[Round "2"]
[White "Lahl, Marc"]
[Black "Surin, Alexander"]
[Result "1-0"]
[WhiteElo "852"]
[BlackElo "910"]
[PlyCount "73"]
[EventDate "2023.05.27"]
[EventType "swiss"]
[EventRounds "7"]
[EventCountry "AUT"]
[SourceTitle "CBM 214 Extra"]
[Source "ChessBase"]
[SourceDate "2023.07.31"]
[SourceVersion "1"]
[SourceVersionDate "2023.07.31"]
[SourceQuality "1"]

1. e4 e5 2. Nf3 Nc6 3. Bc4 Nf6 4. Ng5 d5 5. exd5 Bg4 6. Be2 Qxd5 7. Nc3 Qxg2 8. Rf1 h6 9. Nf3 Qh3 10. d3 Qh5 11. Be3 Bxf3 12. Bxf3 Qf5 13. Bxc6+ Nd7 14. Bxd7+ Qxd7 15. d4 exd4 16. Qxd4 Qxd4 17. Bxd4 0-0-0 18. Be3 h5 19. Bd2 Re8+ 20. Kd1 Rd8 21. Re1 Bb4 22. a3 Bxc3 23. bxc3 Rhe8 24. Rxe8 Rxe8 25. Be3 Rd8+ 26. Ke2 Re8 27. Kf1 f5 28. Bxa7 f4 29. Bd4 g5 30. Bf6 Rg8 31. Re1 g4 32. Re5 Rh8 33. Bxh8 h4 34. Re4 g3 35. hxg3 fxg3 36. fxg3 hxg3 37. Rg4 1-0